| 000 | 00604nam a2200217 a 4500 | ||
|---|---|---|---|
| 001 | BRL_699 | ||
| 005 | 20190320210846.0 | ||
| 008 | 250913s1972----gw-#######---#000-0#ger-# | ||
| 041 | _ager | ||
| 044 | _agw | ||
| 050 | 4 |
_aPT2613 _b.G68 1972 |
|
| 100 | 1 |
_aGotsche, Otto _d1904-1985 _922843 |
|
| 245 | 1 | 0 |
_aGefahren und Gefährten _bErzählungen und Skizzen _cOtto Gotsche. |
| 260 |
_aHalle (Saale) _bMitteldeutscher _c1972 |
||
| 300 |
_a[299] p. _c20 cm. |
||
| 500 | _aIncluye dedicatoria para Ruth | ||
| 500 | _aAu805 | ||
| 650 | 1 | 4 |
_aLiteratura Alemana _vNovela _922844 |
| 902 | _aGRL | ||
| 942 |
_2lcc _cB |
||
| 999 |
_c9511 _d9511 |
||